书目信息 |
| 题名: |
新摄影教程
|
|
| 作者: | 海吉科 著 ;杨桦林 译 | |
| 分册: | ||
| 出版信息: | 杭州 浙江摄影出版社 2001.11 |
|
| 页数: | 208页 | |
| 开本: | 26cm | |
| 丛书名: | ||
| 单 册: | ||
| 中图分类: | J41 | |
| 科图分类: | ||
| 主题词: | 摄影技术--普及读物 , 摄影艺术--各种 | |
| 电子资源: | ||
| ISBN: | 7-80536-888-0 | |
| 000 | 00614nam0 2200217 45 | |
| 001 | 0210220994 | |
| 005 | 20041208160453.0 | |
| 010 | @a7-80536-888-0@dCNY86.00 | |
| 100 | @a20021022d2001 km y0chiy0120 ea | |
| 101 | 0 | @achi@ceng |
| 105 | @a z 000yy | |
| 200 | 1 | @a新摄影教程@AXin She Ying Jiao Cheng@f(英)海吉科著@F(Ying)Hai Ji Ke Zhu@g杨桦林译 |
| 210 | @a杭州@c浙江摄影出版社@d2001.11 | |
| 215 | @a208页@d26cm | |
| 606 | 0 | @a摄影技术@x普及读物 |
| 606 | 0 | @a摄影艺术@x各种 |
| 690 | @aJ41@v4 | |
| 701 | @a海吉科@4著 | |
| 702 | 0 | @a杨桦林@AYang Hua Lin@4译 |
| 801 | @aCN@bTSTC@c20021022 | |
| 905 | @dJ41@e133 | |
| 新摄影教程/(英)海吉科著/杨桦林译.-杭州:浙江摄影出版社,2001.11 |
| 208页;26cm |
| ISBN 7-80536-888-0:CNY86.00 |
| ● |
| 相关链接 |
|
|
|
|
正题名:新摄影教程
索取号:J41/133
 
预约/预借
| 序号 | 登录号 | 条形码 | 馆藏地/架位号 | 状态 | 备注 |
| 1 | 0315987 | 203159875 | 第一借阅区/ [索取号:J41/133] | 在馆 | |
| 2 | 0315988 | 203159884 | 第一借阅区/ [索取号:J41/133] | 在馆 | |
| 3 | 0315989 | 203159893 | 第一借阅区/ [索取号:J41/133] |
已借出,限还日期为2015.10.19 借出人:李远航 |
|
| 4 | 0315990 | 203159900 | 第一借阅区/ [索取号:J41/133] | 在馆 | |
| 5 | 0315991 | 203159919 | 第一样本阅览室/ [索取号:J41/133] | 在馆 |